| 000 | 01188nam a22002657a 4500 | ||
|---|---|---|---|
| 005 | 20081014101420.0 | ||
| 008 | 081014t xxu||||| |||| 00| e hin d | ||
| 010 | _aHIN-84381 | ||
| 020 | _c100.00 | ||
| 035 | _aHN-56727 | ||
| 037 | _bDBAD / PUB | ||
| 040 |
_aDPL _bHN |
||
| 082 | _a824 | ||
| 100 | _aवर्मा, सुरेन्द्र | ||
| 245 |
_aकला संस्कृति और मूल्य / _cसुरेन्द्र वर्मा |
||
| 246 |
_aKalaa Sanskriti aura Mulya _bby Surendra Verma |
||
| 260 |
_aइलाहाबाद _bउमेश प्रकाशन _c2008 |
||
| 270 |
_a100, लूकरगंज _bइलाहाबाद _e211001 |
||
| 300 |
_a104पृ _c22सेमी (सजिल्द) |
||
| 500 | _aसमान ISBN 9788188494538 शीर्षक ' कटघरे के आँसू ' | ||
| 650 | _aहिन्दी निबंध | ||
| 650 | _aHindi essays | ||
| 942 |
_2ddc _cHN _mवर्मासु _h824 |
||
| 999 |
_c16649 _d16649 |
||